MDQL
is popping MORE tags! Check the
thread
!
Quizzes
Events
Quiz Creation
Community
Videos
Private Events
Remove Ads
Sign In
Join for FREE
Feedback
Dark Mode
Quiz Categories
Sports
Geography
Music
Movies
Television
Just For Fun
Miscellaneous
History
Literature
Language
Science
Gaming
Entertainment
Religion
Holiday
For Kids
Quiz Lab
Recent
Popular Today
Quiz Kudos Today
Editor Picks
Curator Picks
Quizzes by...
Day
Popularity
Type
Ratings
Length
Year
Community
Subscriptions
Recent Discussions
Orange Saloon
Badges
Playlists
Quests
Create
Leaderboards
Showdown
Live 5
Trivia Bingo
Activity
Puzzle Library
Sporcle Events
Private Events
Virtual Trivia
Globe League
Become a Host
Pub Owners
SporcleCon
Opinionation
Our Games
Videos
Blog
Mobile Apps
Partnerships
Remove Ads and Go Orange
Feedback
Movies
Disney
Marvel Cinematic Universe
Movie Resume
Movie Titles
Oscar
Actor
Actress
Director
Pixar
Role
Movie Quotes
Movie Characters
Box Office
Nominee
Best Picture
Star Wars
James Bond
Horror Movies
Movies
Disney
Marvel Cinematic Universe
Movie Resume
Movie Titles
Oscar
Actor
Actress
Director
Pixar
Role
Movie Quotes
Movie Characters
Box Office
Nominee
Best Picture
Star Wars
James Bond
Horror Movies
Random Quiz
Search Sporcle
×
Quiz Lab
Quiz Lab
Movies
Movie Resume
Type in answers that appear in a list
Type in answers that appear in a list
Classic
Best Score? Go Orange.
Missing Word: Paul Reiser Stats
Can you name the word missing from these Paul Reiser movie titles?
By
Puzzgal
60s
10 Questions
59 Plays
59 Plays
59 Plays
Comments
Comments
Give Quiz Kudos
Give Quiz Kudos
-
- Ratings
hide this ad
Replay
Link that replays current quiz
Next Quiz
Link to next quiz in quiz playlist
You Got
0%
They Got
Avg Score
56%
Avg Friend Score
Upgrade to see
Score Distribution
Jump to the score distribution portion of the page
Score
0/10
Timer
01:00
0
Plays Today
Movie Title
Missing Word
% Correct
Beverly Hills _
_
_
_
_
Cop
100%
Bye _
_
_
_
_
Love
Bye
89.8%
Pros & _
_
_
_
_
Cons
81.4%
One _
_
_
_
_
at McCool's
Night
81.4%
_
_
_
_
_
After Beth
Life
49.2%
The Story of _
_
_
_
_
_
Us
40.7%
_
_
_
_
_
the Candelabra
Behind
39%
Odd _
_
_
_
_
Jobs
33.9%
_
_
_
_
_
Write
Mr.
28.8%
_
_
_
_
_
My Heart
Cross
16.9%
Quiz Playlist
Details
Report
Send in Message
Add To Playlist
Classic:
Type in answers that appear in a list
Last Updated: Feb 16, 2017
Quiz Scoreboard
CHALLENGE
Sign Up to Join the Scoreboard
Show All
Scores
Hide
Comments
May contain spoilers
Recently Published
Colored Red Africa Blitz
by spor1
Geography
30s
Find the 'City' Movie
by crazypaving
Movies
60s
5x2 Blitz: Bands
by SL_Kpop136
Music
30s
More to Explore
Quiz From the Vault
Featured Blog Post
14 Easter Pick-up Lines to Find Eggs With
hide this ad
You Might Also Like...
Tags
Actor Quiz
Missing Word Quiz
Movie Resume Quiz
Movie Titles Quiz
paul
Today's Top Quizzes in Movies
Browse Movies
hide this ad
Today's Top Quizzes in Movie Resume
Browse Movie Resume
Top Contributed Quizzes in Movies
1
Find The 'Big' Movie
2
Find The 'Blue' Movie
3
Find The 'Wild' Movie
4
Movies By Plot
5
Hidden Star Wars Character II
6
Pick 5 Posters: Directed by Spielberg
7
Hidden Star Wars Character III
8
Hidden Star Wars Character IV
9
25 Best Actor Nominees (1990s)
10
Alfred Hitchcock Movies by Plot
Explore More
Trending Topics
Crossword
Kpop
NBA
Harry Potter
Marvel
Disney
Anime
NFL
Soccer
WWE
The Office
Puzzle
Song
Country
Pokémon
hide this ad
More By:
Puzzgal
Quiz
Plays
Rating
Category
Featured
Created
Categorize the Countries
172,634
4.55
Geography
Mar 23, 2014
Categorize the Colors
163,376
4.51
Language
Jun 6, 2013
English Puns
132,604
4.26
Language
Dec 14, 2013
Follow That Lyric: The Sound of Music
120,142
4.42
Entertainment
Oct 25, 2012
Movie Title Missing Person
117,614
4.55
Movies
May 14, 2012
Go to Creator's Profile
Score Distribution
Quiz Creator Spotlight
Puzzgal
Follow
Send a Message
Quizzes Created
-
Created Quiz Play Count
-
More By This Creator
Popular Quizzes Today
1
Colored Red Africa Blitz
2
Find the 'City' Movie
3
5x2 Blitz: Bands
4
Find the US States - No Outlines Minefield
5
The Countries of the World
6
Find the US States
7
US States
8
Find the Countries of Europe - No Outlines Minefield
More Movies Quizzes
Honest Movie Titles II
Published
Trending Quizzes
Colored Red Europe Blitz I
Colored Red Europe Blitz II
Colored Red Africa Blitz II
Colored Red Europe Blitz III
Colored Red Africa Blitz III
Recently Updated
How Do You Spell That?
pecheneg
Godzilla Movies
pecheneg
Grab Bag: 4-10 Letters
pecheneg
2024 March Madness Bracket
pecheneg
Famous TV Couples
Peacemaker
Champions League XIs: Real Madrid
pecheneg
Largest US Cities 1790-2010
pecheneg
Rides in Walt Disney World
pecheneg
Most Oscar Losses (Acting)
pecheneg
Beyoncé Albums
pecheneg
Trending Topics
Kpop
Marvel
Anime
Crossword
Disney
Harry Potter
NBA
Country
Song
Puzzle
Soccer
Pokémon
WWE
NFL
The Office
Your Account Isn't Verified!
In order to create a playlist on Sporcle, you need to verify the email address you used during registration. Go to your
Sporcle Settings
to finish the process.
Report this User
Report this user for behavior that violates our
Community Guidelines
.
Details:
Send Report
Go to the Sporcle.com Mobile Site →
Comments